| 000 | 00903cam a2200265 4500 | ||
|---|---|---|---|
| 001 | J61828 | ||
| 008 | 000000n2000 000 0 eng u | ||
| 020 | _a0117820148 | ||
| 020 | _a0117820156 | ||
| 035 | _a(Sirsi) u107795 | ||
| 050 | _a306.0212 | ||
| 110 |
_aUnited Kingdom _bDepartment of the Environment, Transport and the Regions _93507 |
||
| 245 | _aHousing statistics Great Britain - (June quarter 2000 - September quarter 2000) | ||
| 260 |
_aLondon _bStationery Office _c2000 |
||
| 300 | _a2 pt. ; 30cm. | ||
| 350 | _a75.00 | ||
| 520 | _aUntil March quarter 2000 published in two parts as Housing and Construction Statistics Great Britain Part 1 and Part 2 q.v. | ||
| 650 | _aCONSTRUCTION INDUSTRY | ||
| 650 | _aDCLG HOUSING AND CONSTRUCTION STATISTICS | ||
| 650 | _aSTATISTICS | ||
| 690 | _aHOUSING | ||
| 710 |
_aScottish Executive _93811 |
||
| 710 |
_aNAFW _93812 |
||
| 942 | _n0 | ||
| 999 |
_c100719 _d100719 |
||